000 01182nam0a22002531 4500
001 v19\rc\1965727
005 20250619213931.0
035 _a(NLR Aleph) 005049015
090 _a6874429
_c6874429
100 _a20080428d1914 |||y0rusy50 ca
101 0 _arus
102 _aRU
105 _ay z |||||
200 1 _aЖурналы пленарных заседаний и комиссий 2-го Губернского агрономического совещания в Архангельской губернии 18-23 января 1914 г.
_fГ.У. З. и З. Деп. земледелия
210 _aАрхангельск
_d1914
215 _a[2], 53 с.
_d25
532 1 1 _aЖурналы пленарных заседаний и комиссий Второго Губернского агрономического совещания в Архангельской губернии 18-23 января 1914 г.
710 1 2 _aАрхангельское губ. агрономическое совещание
_d2
_f1914
801 0 _aRU
_bNLR
_gpsbo
801 0 _aRU
_bRuMoRGB
_2psbo
801 1 _aRU
_bProSoft-M
_2rusmarc
852 _aNLR
_j37.55.5.49
942 _cBOOK
980 _aNB